000 00621nam a22001937a 4500
003 0
005 20240111123122.0
008 240111b xxu||||| |||| 00| 0 eng d
020 _a978-1-5013-5212-6
050 _aPN 1996
_b.P47 2022
100 _aPerry, Chris
245 _aScene writing : the missing manual for screenwriters
_cChris Perry
260 _aNew York
_bBloomsbury Academic
_cc2022.
300 _axvi, 245 pages ;
_c23cm.
504 _aIncludes bibliographical references, glossary, and index.
650 _aMotion picture authorship.
650 _aMotion picture plays--technique.
942 _2lcc
_cBK
999 _c365852
_d365852